| 000 | 00775cam a2200241 a 4500 | ||
|---|---|---|---|
| 001 | 000001568 | ||
| 005 | 20250526115843.0 | ||
| 008 | 750725s1969 mx 000 0 spa | ||
| 040 |
_aDO-SdBNP _bspa _cBNPHU |
||
| 082 |
_a321.07 _bM322f, 1969 |
||
| 100 | 1 |
_aMarcuse, Herbert, _d1898-1979 _95128 |
|
| 240 | 1 | 0 |
_aDas Ende der Utopie. _lEspañol |
| 245 | 1 | 3 |
_aEl fin de la utopía / _cHerbert Marcuse ; traducción de Carlos Gerhard. |
| 250 | _a4a ed. | ||
| 260 |
_aMéxico : _bSiglo Veintiuno Editores, _c1969. |
||
| 300 |
_a170 p. ; _c18 cm. |
||
| 534 |
_pTítulo original: _tDas Ende der Utopie |
||
| 650 | 4 |
_aUtopías _95129 |
|
| 650 | 4 |
_aActividad política estudiantil _95130 |
|
| 700 | 1 |
_aGerhard, Carlos, _etr. _95131 |
|
| 910 | _aCatalogación derivada | ||
| 910 | _aWM | ||
| 999 |
_c1465 _d1465 |
||